| 000 | 02313nam a2200385 i 4500 | ||
|---|---|---|---|
| 001 | in903118867 | ||
| 005 | 20260127101529.0 | ||
| 008 | 251217s2026 nyu 000 1 eng d | ||
| 010 | _a 2025946428 | ||
| 020 |
_a9781538765746 _q(hardback) |
||
| 035 | _a(OCoLC)1564177252 | ||
| 040 |
_aTnLvILS _beng _cTnLvILS _erda |
||
| 043 | _an-us-ms | ||
| 082 | 0 | 4 |
_a813/.54 _223/eng/20251217 |
| 092 |
_afiction _bPreston, Douglas J. |
||
| 100 | 1 |
_aPreston, Douglas J., _eauthor. |
|
| 245 | 1 | 0 |
_aPendergast : _bthe beginning / _cDouglas Preston & Lincoln Child. |
| 250 | _aFirst edition. | ||
| 264 | 1 |
_aNew York : _bGrand Central, _c[2026] |
|
| 300 |
_a384 pages ; _c24 cm. |
||
| 336 | _atext | ||
| 337 | _aunmediated | ||
| 338 | _avolume | ||
| 490 | 1 |
_aAgent Pendergast ; _v23 |
|
| 500 | _a"The Agent Pendergast origin story: a golden opportunity for longtime fans and new readers to learn about Agent Pendergast's strange and shocking first case"--Provided by publisher. | ||
| 520 | _a"It only took six months for the life of Special Agent Dwight Chambers to crumble around him. First, he lost his partner, and then, tragically, his wife. Returning to work at the New Orleans Field Office, Chambers is dismayed to find himself saddled with mentoring a brand new FBI agent--a certain A.X.L. Pendergast. As Chambers tries to pull himself together, his enigmatic and exasperating junior partner pulls an outrageous stunt that gets both of them suspended. Pendergast welcomes the banishment, because it gives him the opportunity to investigate a peculiar murder in Mississippi that has captured his fancy. Chambers grudgingly goes along. What starts off as a whimsical quest swiftly turns into a terrifying pursuit, as Chambers and Pendergast uncover a string of grisly, ritualistic killings that defy any known serial killer profile"--Publisher description. | ||
| 600 | 1 | 0 |
_aPendergast, Aloysius _c(Fictitious character) _vFiction. _95760544 |
| 650 | 0 |
_aGovernment investigators _vFiction. _95674416 |
|
| 650 | 0 |
_aDeath _vFiction. _95679145 |
|
| 650 | 0 |
_aMurder _vFiction. _95674892 |
|
| 651 | 0 |
_aMississippi _vFiction. _95673817 |
|
| 655 | 7 |
_aThrillers (Fiction) _2lcgft |
|
| 800 | 1 |
_aPreston, Douglas J. _tPendergast novel. _b23 _96559677 |
|
| 942 |
_2ddc _cBOOK |
||
| 999 |
_c415382 _d415382 |
||